Netter's Atlas of Human Embryology (Record no. 163)
[ view plain ]
| 000 -LEADER | |
|---|---|
| fixed length control field | 00754cam a22002654a 4500 |
| 001 - CONTROL NUMBER | |
| control field | 12980110 |
| 003 - CONTROL NUMBER IDENTIFIER | |
| control field | OSt |
| 005 - DATE AND TIME OF LATEST TRANSACTION | |
| control field | 20190918130632.0 |
| 008 - FIXED-LENGTH DATA ELEMENTS--GENERAL INFORMATION | |
| fixed length control field | 021024s2002 njua 001 0 eng |
| 010 ## - LIBRARY OF CONGRESS CONTROL NUMBER | |
| LC control number | 2001132799 |
| 020 ## - INTERNATIONAL STANDARD BOOK NUMBER | |
| International Standard Book Number | 0914168991 |
| 040 ## - CATALOGING SOURCE | |
| Original cataloging agency | DLC |
| Transcribing agency | DLC |
| Modifying agency | DLC |
| 042 ## - AUTHENTICATION CODE | |
| Authentication code | pcc |
| 050 00 - LIBRARY OF CONGRESS CALL NUMBER | |
| Classification number | QM602 |
| Item number | .C63 2002 |
| 082 00 - DEWEY DECIMAL CLASSIFICATION NUMBER | |
| Classification number | QS 604 C641n 2002 |
| Edition number | 21 |
| 100 1# - MAIN ENTRY--PERSONAL NAME | |
| Personal name | Cochard, Larry R.; Netter, Frank H. |
| 9 (RLIN) | 430 |
| 245 10 - TITLE STATEMENT | |
| Title | Netter's Atlas of Human Embryology |
| 250 ## - EDITION STATEMENT | |
| Edition statement | 1st ed. |
| 260 ## - PUBLICATION, DISTRIBUTION, ETC. (IMPRINT) | |
| Place of publication, distribution, etc. | Teterboro, N.J. : |
| Name of publisher, distributor, etc. | Icon Learning Systems, |
| Date of publication, distribution, etc. | c2002. |
| 300 ## - PHYSICAL DESCRIPTION | |
| Extent | xx, 267 p. : |
| Other physical details | col. ill. ; |
| Dimensions | 28 cm. |
| 504 ## - BIBLIOGRAPHY, ETC. NOTE | |
| Bibliography, etc | Include index. |
| 650 #0 - SUBJECT ADDED ENTRY--TOPICAL TERM | |
| Topical term or geographic name as entry element | Human embryology atlas |
| 9 (RLIN) | 431 |
| 906 ## - LOCAL DATA ELEMENT F, LDF (RLIN) | |
| a | 7 |
| b | cbc |
| c | orignew |
| d | 2 |
| e | ncip |
| f | 20 |
| g | y-gencatlg |
| 942 ## - ADDED ENTRY ELEMENTS (KOHA) | |
| Source of classification or shelving scheme | Other/Generic Classification Scheme |
| Koha item type | Book Bank |
| Withdrawn status | Lost status | Source of classification or shelving scheme | Damaged status | Not for loan | Home library | Current library | Date acquired | Source of acquisition | Inventory number | Total Checkouts | Full call number | Barcode | Date last seen | Price effective from | Koha item type |
|---|---|---|---|---|---|---|---|---|---|---|---|---|---|---|---|
| Other/Generic Classification Scheme | MUST Main Library | MUST Main Library | 09/07/2014 | Book aid | 2014/37387 | QS 604 C641n 2002 | 2014-0508 | 09/07/2014 | 09/07/2014 | Book Bank | |||||
| Other/Generic Classification Scheme | MUST Main Library | MUST Main Library | 09/07/2014 | Book aid | 2014/37386 | QS 604 C641n 2002 | 2014-0509 | 09/07/2014 | 09/07/2014 | Book Bank | |||||
| Other/Generic Classification Scheme | MUST Main Library | MUST Main Library | 09/07/2014 | Book aid | 2014/37388 | QS 604 C641n 2002 | 2014-0510 | 09/07/2014 | 09/07/2014 | Book Bank | |||||
| Other/Generic Classification Scheme | MUST Main Library | MUST Main Library | 09/07/2014 | Book aid | 2014/37389 | QS 604 C641n 2002 | 2014-0511 | 09/07/2014 | 09/07/2014 | Book Bank | |||||
| Other/Generic Classification Scheme | MUST Main Library | MUST Main Library | 09/07/2014 | Book aid | 2014/37390 | QS 604 C641n 2002 | 2014-0512 | 09/07/2014 | 09/07/2014 | Book Bank | |||||
| Other/Generic Classification Scheme | MUST Main Library | MUST Main Library | 29/07/2014 | Book aid | 2014/37385 | QS 604 C641n 2002 | 2014-1567 | 29/07/2014 | 29/07/2014 | Book Bank |
